000
00282nam a22001337a 4500
008
170606b xxu||||| |||| 00| 0 eng d
020
_a
9781571451590
041
_a
eng
080
_a
94
100
_a
18
101
_a
SHH
245
_a
SHIP WRECKS
_c
FARRINGTON,K
942
_2
udc
_c
BK
999
_c
16032
_d
16032